| 000 | 00633nam a2200181 4500 | ||
|---|---|---|---|
| 001 | 114178 | ||
| 003 | ES-MaACL | ||
| 005 | 20231209062944.0 | ||
| 007 | t| | ||
| 008 | 061121s1969 sp r ||||1| spa d | ||
| 100 | 1 |
_aPalacio Atard, Vicente, _d1920-2013 _988374 |
|
| 245 | 1 | 0 |
_aConsideraciones sobre la investigación actual de nuestra historia contemporánea _b: Discurso del curso académico 1969-1970 / _cVicente Palacio Atard. |
| 260 |
_aMadrid : _bUniversidad, _c1969. |
||
| 300 |
_a51 p. ; _c24 cm. |
||
| 710 | 2 |
_aUniverisdad de Madrid. _97054 |
|
| 852 |
_aES-MaACL _j2070-F-13 _bR.71170 |
||
| 999 |
_c114178 _d114178 |
||